| 000 -LEADER |
| fixed length control field |
00690nam a22002057a 4500 |
| 005 - DATE AND TIME OF LATEST TRANSACTION |
| control field |
20240124120916.0 |
| 008 - FIXED-LENGTH DATA ELEMENTS--GENERAL INFORMATION |
| fixed length control field |
240124s2021 enk||||| |||| 00| 0 eng d |
| 020 ## - INTERNATIONAL STANDARD BOOK NUMBER |
| International Standard Book Number |
9781260575873x |
| 041 ## - LANGUAGE CODE |
| Language code of text/sound track or separate title |
eng |
| 080 ## - UNIVERSAL DECIMAL CLASSIFICATION NUMBER |
| Universal Decimal Classification number |
004 H-66 |
| 100 ## - MAIN ENTRY--PERSONAL NAME |
| Personal name |
Hillier, Frederick |
| 9 (RLIN) |
21107 |
| 245 ## - TITLE STATEMENT |
| Title |
Introduction to Operations Research / |
| Statement of responsibility, etc. |
Frederick Hillier, Gerald Lieberman. |
| 250 ## - EDITION STATEMENT |
| Edition statement |
11th Edition |
| 264 ## - PRODUCTION, PUBLICATION, DISTRIBUTION, MANUFACTURE, AND COPYRIGHT NOTICE |
| Place of production, publication, distribution, manufacture |
New York : |
| Name of producer, publisher, distributor, manufacturer |
McGraw-Hill, |
| Date of production, publication, distribution, manufacture, or copyright notice |
2021. |
| 300 ## - PHYSICAL DESCRIPTION |
| Extent |
994 p.: |
| Other physical details |
ill. ; |
| Dimensions |
25 cm. |
| 653 ## - INDEX TERM--UNCONTROLLED |
| keyword |
ოპერაციების კვლევა |
| 653 ## - INDEX TERM--UNCONTROLLED |
| keyword |
პროგრამირება |
| 700 ## - ADDED ENTRY--PERSONAL NAME |
| Personal name |
Lieberman, Gerald |
| Relator term |
ავტორი |
| 9 (RLIN) |
21108 |
| 942 ## - ADDED ENTRY ELEMENTS (KOHA) |
| Source of classification or shelving scheme |
|
| Koha item type |
წიგნი |